000 00701nam a22002297a 4500
999 _c2180
_d2180
003 AR-CdUCM
008 190304b ||||| |||| 00| 0 spa d
040 _aMUNICIPALIDAD PROVINCIAL DEL CUSCO
_cBIBLIOTECA MUNICIPAL DEL CUSCO
041 _heng
082 _a900 /
_bB45
100 _aBerlin, Isaiah
_97862
245 _aLo inevitable en la historia /
260 _aBuenos Aires :
_bGalatea Nueva Visión,
_c1953.
300 _a109 páginas ;
_c19 cm.
440 _aIdeas de nuestro tiempo colección.
_n13
_97863
650 _aHistoria
_9136
650 _aRealistas
_97864
650 _aEscepticismo
_97865
700 _aLerner, Natan (traducción)
_97866
942 _2ddc
_cLIBROS
945 _aachl